[Event "Charlotte Fall-IM 2019"]
[Site "Charlotte"]
[Date "2019.11.28"]
[Round "1.1"]
[White "Francisco, Richard"]
[Black "Gauri, Shankar"]
[Result "0-1"]
[WhiteElo "2281"]
[BlackElo "2340"]
[Annotator "RC"]
[PlyCount "74"]
[EventDate "2019.11.28"]
[EventType "tourn"]
[EventCountry "USA"]
[SourceTitle "playchess.com"]
[Source "ChessBase"]
[SourceQuality "1"]
[TimeControl "5400+30"]

1. e4 c6 2. d4 d5 3. e5 Bf5 4. h4 h5 5. Bd3 Bxd3 6. Qxd3 Qa5+ 7. Nd2 e6 8. Ne2 Qa6 9. Qf3 Ne7 10. O-O c5 11. c3 Nf5 12. g3 Nc6 13. Nb3 cxd4 14. cxd4 Be7 15. Bd2 Rc8 16. Bc3 g6 17. Nf4 O-O 18. Kh1 Qb6 19. Qd1 a5 20. a4 Nb4 21. Rg1 Kg7 22. g4 hxg4 23. Qxg4 Rh8 24. h5 Kf8 25. Nxg6+ fxg6 26. Qxg6 Nd3 27. Nc5 Rxc5 28. dxc5 Qxc5 29. Bd2 Bd8 30. Be3 Nxf2+ 31. Bxf2 Qxf2 32. Rg4 Qf3+ 33. Kh2 Qe2+ 34. Kh3 Qe3+ 35. Kg2 Qxe5 36. Rf1 Bf6 37. Kh1 Rxh5+ 0-1

[Event "Charlotte Fall-IM 2019"]
[Site "Charlotte"]
[Date "2019.11.28"]
[Round "1.2"]
[White "Shen, Christopher"]
[Black "Furfine, Jacob"]
[Result "1/2-1/2"]
[WhiteElo "2306"]
[BlackElo "2302"]
[Annotator "TA"]
[PlyCount "165"]
[EventDate "2019.11.28"]
[EventType "tourn"]
[EventCountry "USA"]
[SourceTitle "playchess.com"]
[Source "ChessBase"]
[SourceQuality "1"]

{[%evp 9,165,19,27,26,21,22,20,11,20,20,25,21,24,20,24,19,33,25,18,20,24,18,30,8,31,24,47,26,44,23,23,20,28,23,35,28,56,47,51,42,50,54,45,54,78,79,92,71,79,58,66,52,52,52,52,52,64,59,83,83,77,77,77,77,96,97,92,92,97,69,81,81,85,79,136,95,153,153,153,153,153,153,140,124,197,197,287,287,287,287,287,287,287,287,251,215,358,361,345,317,377,200,200,-8,-8,-8,-8,-8,-8,-8,-8,-8,-8,-8,0,-8,-8,-8,-8,-8,-8,-29965,-29950,-29976,-8,-8,-8,-8,-8,-8,0,-7,0,-8,0,-8,-8,-8,-8,-8,0,-8,-8,-8,-8,-8,-8,-8,-8,-8,0,0,0,-8,-8,-8,-8,-8]} 1. c4 e6 2. Nc3 d5 3. d4 a6 4. cxd5 exd5 5. Bf4 (5. Nf3 Nf6 6. Bg5 Be6 7. e3 Nbd7 8. Bd3 c6 9. Qb3 Qb6 10. Qxb6 Nxb6 11. Bxf6 gxf6 12. Nh4 a5 13. O-O-O Bb4 {1-0 (40) So,W (2767)-Demchenko,A (2655) Khanty-Mansiysk 2019}) 5... Nf6 6. e3 {D31: Queen's Gambit Declined: Semi-Slav without ...Nf6 (+ Marshall Gambit and Noteboom) and Exchange Variation lines without ...Nf6} Bd6 7. Bg5 c6 8. Bd3 Nbd7 9. Nge2 O-O 10. Qc2 h6 11. Bf4 Nb6 $146 ({Predecessor:} 11... Bxf4 12. Nxf4 Re8 {½-½ (44) Avramidou,A (2260)-Cvitan,E (2009) Batumi 2018}) 12. O-O Re8 13. Rae1 Be6 14. Bxd6 Qxd6 15. Ng3 Rac8 16. Nce2 Rc7 17. Nf4 Qd8 18. h3 Nc8 {[%cal Bb6c8,Bc8d6,Bd6e4,Be4g5][%mdl 32]} 19. Rc1 Nd6 20. Rfe1 Rce7 21. a3 {[%cal Ba2a3,Ba3a4][%mdl 32]} Bc8 22. b4 Nfe4 23. Nxe4 Nxe4 24. a4 Ng5 25. b5 axb5 26. axb5 Bd7 27. bxc6 Bxc6 28. Rb1 Ne6 29. Nxe6 Rxe6 30. Rec1 Qg5 31. Qe2 h5 32. Rc5 Qh4 33. Rb6 Qxd4 34. exd4 Rxe2 35. Bxe2 Rxe2 $14 {[%mdl 4096] Endgame KRR-KRB} 36. Rc3 Rd2 37. Rb4 f6 38. g3 Kf7 39. Re3 g5 40. h4 gxh4 41. gxh4 Kg6 (41... Rc2 $142) 42. Kg2 Rd1 ({Black should try} 42... Rc2) 43. Rf3 $16 Rd2 44. Rf4 Rd3 45. Rb2 Kf7 46. Re2 Bd7 {[#]} (46... Bb5 $16 {might work better.} 47. Rb2 Bc6) 47. Re3 $1 $18 {[%cal Re3d3]} Rxe3 (47... Bb5 $142 48. Ref3 Rxf3 49. Rxf3 Be2) 48. fxe3 {KR-KB} Bb5 49. Rf2 Bc4 50. Rb2 b5 51. Kg3 Ke6 52. Kf4 Bd3 (52... Ke7 $142 53. Rb1 Kd7) 53. Rb3 Bc4 54. Ra3 Kd6 55. Kf5 (55. Ra6+ $142 Kc7 56. Rxf6) 55... Kc6 56. Kxf6 $2 (56. Ra6+ $18 Kb7 57. Rxf6) 56... b4 $11 57. Ra1 Bd3 {aiming for ...b3.} 58. Ra4 Kb5 59. Ra8 b3 {And now ...Kb4 would win.} 60. Rb8+ Kc4 61. Ke5 Be4 62. Rc8+ Kd3 (62... Kb4 $5 63. Rb8+ $8 Ka3 $11) 63. Rb8 Kc2 {White must now prevent ...b2.} (63... Kc3 $5 64. Rc8+ $8 Kb4 65. Rb8+ Kc3 66. Rc8+ Kd2 $11) 64. Rc8+ Kb1 65. Rb8 $2 {[%mdl 8192]} (65. Kf6 $11) 65... b2 66. Kf4 {[#]} Kc2 $2 (66... Kc1 $1 {mates} 67. Kg5 b1=Q 68. Rxb1+ Bxb1 69. Kxh5 Kd2 70. Kg4 Kxe3 71. h5 Kxd4 72. Kf4 Bh7 73. Kf3 Kc3 74. Kf4 d4 75. Ke5 d3 76. Kf6 d2 77. Kg7 Be4 78. Kf6 d1=Q 79. Ke6 Qxh5 80. Kf6 Qe8 81. Kg5 Qe5+ 82. Kg4 Qf6 83. Kg3 Qg5+ 84. Kf2 Kd2 85. Kf1 Qg2#) 67. Kg5 {The position is equal.} Bf3 68. Rc8+ Kd2 (68... Kb3 $5 69. Rb8+ $8 Kc2 70. Rc8+ Kd3 $11) 69. Rb8 Kc2 (69... Kc3 $5 70. Rc8+ $8 Kd3 $11) 70. Rc8+ Kb1 (70... Kb3 $5 71. Rb8+ $8 Ka2 72. Ra8+ Kb1 $11) 71. Rb8 Be2 72. Rb7 Kc2 73. Kf4 Bd3 74. Kg5 $1 Be2 75. Kf4 Bc4 76. Rxb2+ $1 Kxb2 77. e4 $1 dxe4 78. Kxe4 {KB-KPP} Kc3 (78... Kb3 $5 79. d5 $8 Be2 $11) 79. d5 Be2 {Strongly threatening ...Kc4.} (79... Kb4 $5 80. d6 $8 Be6 $11) 80. d6 {Hoping for d7.} Bg4 {...Kc4 is the strong threat.} 81. Kf4 Kd4 {( -> ...Kd5)} (81... Kb4 $5 82. Kg5 $8 Bh3 $11) 82. Kg5 Ke5 {[#]} 83. d7 $1 {[%mdl 512] Accuracy: White = 57%, Black = 46%.} 1/2-1/2

[Event "Charlotte Fall-IM 2019"]
[Site "Charlotte"]
[Date "2019.11.28"]
[Round "1.3"]
[White "Zhou, Liran"]
[Black "Drozdowski, Kacper"]
[Result "1-0"]
[WhiteElo "2314"]
[BlackElo "2467"]
[Annotator "TA"]
[PlyCount "53"]
[EventDate "2019.11.28"]
[EventType "tourn"]
[EventCountry "USA"]
[SourceTitle "playchess.com"]
[Source "ChessBase"]
[SourceQuality "1"]

{[%evp 13,59,9,10,19,55,13,20,0,0,0,0,0,0,0,0,0,0,0,0,-50,-43,-55,-38,-92,-83,-83,-96,-129,-104,-172,-158,-172,-164,-214,186,173,205,0,0,0,485,492,486,467,29993,29994,29997,29998]} 1. e4 c5 2. Nf3 a6 3. Nc3 e6 4. d4 cxd4 5. Nxd4 b5 {[%cal Bb7b5,Bb5b4][%mdl 32]} 6. g3 Bb7 7. Bg2 b4 8. Na4 {B43: Sicilian: Kan Variation: 5 Nc3} Qa5 (8... Nf6 9. c4 d6 10. O-O Nbd7 11. Qe2 e5 12. Nf5 g6 13. Ne3 Bc6 14. b3 Bxa4 15. bxa4 Nc5 {1-0 (63) Andreikin,D (2710)-Khismatullin,D (2634) Satka 2018}) 9. b3 Nf6 10. O-O {The position is equal.} Bxe4 11. Bxe4 Nxe4 12. Re1 Nf6 $1 13. Bf4 $146 ({Predecessor:} 13. Bb2 Be7 14. Qf3 Ra7 15. h3 d5 {1-0 (52) Guseinov,G (2607)-Moroz,A (2506) Cappelle-la-Grande 2006}) 13... Nc6 14. Nxc6 dxc6 15. Re5 Qd8 16. Qf3 Nd5 17. Rae1 Be7 18. Qg4 (18. R5e4 $15) 18... O-O $17 19. Bh6 {[%csl Gh6][%cal Rg4g7]} Bf6 20. Rh5 Qe7 21. Re4 (21. Bg5 $17) 21... a5 22. Rc4 Rfc8 23. Nc5 Kh8 $4 {[%mdl 8192] [#]} (23... Nb6 $19 24. Re4 g6) 24. Qh3 $1 $18 {[%mdl 1024] Strongly threatening Bxg7+! White has strong compensation.} Kg8 ({Avoid the trap} 24... gxh6 $2 25. Rxh6 Kg8 26. Rxh7 $18) 25. Rg4 $2 (25. Bc1 $18) 25... g6 $1 $11 26. Ne4 {Bd2 is the strong threat.} Qd8 $2 {[%mdl 8192]} (26... Nc3 $1 $11 {and Black stays safe.} 27. Be3 Nxe4 28. Rxh7 {[#]} Nxf2 $1 {[%mdl 512]} 29. Kxf2 Bg7) 27. Bd2 {Played: Bh6-g5} 1-0

[Event "Charlotte Fall-IM 2019"]
[Site "Charlotte"]
[Date "2019.11.28"]
[Round "1.4"]
[White "Jacobson, Aaron"]
[Black "Tsay, Vincent"]
[Result "1-0"]
[WhiteElo "2301"]
[BlackElo "2300"]
[Annotator "TA"]
[PlyCount "53"]
[EventDate "2019.11.28"]
[EventType "tourn"]
[EventCountry "USA"]
[SourceTitle "playchess.com"]
[Source "ChessBase"]
[SourceQuality "1"]

{[%evp 20,81,37,32,35,33,39,25,34,31,29,22,22,41,104,95,152,129,164,146,268,261,328,337,325,323,473,468,469,464,444,423,1405,1378,1238,1088,5113,1216,1111,814,789,773,789,768,767,767,722,753,718,695,783,724,787,741,828,820,2266,2252,1647,1001,969,954,29987,29988]} 1. d4 d5 2. c4 e6 3. Nf3 Nf6 4. Nc3 c6 5. Bg5 Nbd7 6. e3 Qa5 7. cxd5 exd5 8. Nd2 Bd6 9. Bd3 O-O 10. O-O Qc7 11. Nf3 Re8 {D52: Queen's Gambit Declined: Cambridge Springs Variation} 12. Rc1 Qb8 13. Qc2 h6 {White has an edge.} 14. Bh4 $1 Ng4 {[%cal Rd6h2]} 15. h3 Ngf6 {[#]} 16. Rce1 $146 ({Predecessor:} 16. e4 dxe4 17. Bxe4 Nxe4 18. Nxe4 Nf8 19. Nxd6 Qxd6 {1-0 (45) Tomashevsky,E (2758)-Nguyen,N (2634) Baku 2015}) 16... g5 ({Black should try} 16... Kh8 $14) 17. Bg3 $1 $16 Bxg3 ({Black should play} 17... Kg7) 18. fxg3 Qxg3 19. e4 {Threatens to win with e5.} dxe4 {[#]} (19... Nh5 $16) 20. Bc4 $1 $18 {Hoping for Nd2.} Qd6 21. Nxe4 Rxe4 22. Rxe4 Nxe4 (22... Kg7 $142 23. Re3 Nd5 24. Bxd5 Qxd5) 23. Qxe4 {aiming for Nxg5!} Kg7 {[#]} 24. Nxg5 $1 {[%mdl 512]} Nf6 (24... hxg5 25. Rxf7+) 25. Qh4 Bg4 (25... hxg5 $142 26. Qxg5+ Kf8 27. Qxf6 Qxf6 28. Rxf6 b5) 26. Nxf7 Qxd4+ {[#]} 27. Kh1 {Played: Kg1-h2} 1-0

[Event "Charlotte Fall-IM 2019"]
[Site "Charlotte"]
[Date "2019.11.28"]
[Round "1.5"]
[White "Martin Del Campo C., Roberto"]
[Black "Arribas Lopez, Angel"]
[Result "0-1"]
[WhiteElo "2314"]
[BlackElo "2436"]
[Annotator "TA"]
[PlyCount "74"]
[EventDate "2019.11.28"]
[EventType "tourn"]
[EventCountry "USA"]
[SourceTitle "playchess.com"]
[Source "ChessBase"]
[SourceQuality "1"]

{[%evp 10,74,6,6,13,-10,-15,-22,-22,-9,-13,-20,-10,-25,-22,-14,-26,-27,-37,-31,-20,-14,0,-11,-11,-10,-11,-10,0,-9,0,-16,-16,-16,-16,-20,0,0,0,-24,-24,-225,-190,-377,-371,-427,-420,-406,-407,-449,-391,-334,-395,-373,-374,-658,-627,-672,-689,-662,-636,-5002,-2823,-2122,-2112,-29996,-350]} 1. e4 c5 2. Nf3 d6 3. Bb5+ Bd7 4. Bxd7+ Qxd7 5. O-O Nc6 6. Re1 e6 {B52: Sicilian: Moscow Variation with 3...Bd7} (6... Nf6 7. c3 e6 8. d3 Be7 9. Bf4 O-O 10. Nbd2 b5 11. h3 Qb7 12. Nf1 Rfd8 13. Ng3 Rac8 14. Qe2 h6 15. d4 cxd4 16. cxd4 Nb4 {0-1 (54) Rapport,R (2709)-Oparin,G (2562) Moscow 2015}) 7. c4 Ne5 8. d3 $146 ({Predecessor:} 8. Nc3 Nxc4 9. d4 cxd4 10. Qxd4 Na5 11. b3 Nc6 12. Qd2 a6 13. Na4 Qc7 14. Ba3 {0-1 (31) Gyrgenova,E-Irinchinov,V (1996) Ulan Ude 2012}) 8... Ne7 {The position is equal.} 9. Nc3 N7c6 10. a3 g6 11. h3 Nxf3+ 12. Qxf3 Bg7 13. Qd1 O-O 14. Be3 f5 15. Qd2 Bd4 16. Ne2 Bxe3 17. Qxe3 e5 18. exf5 Qxf5 19. f3 Rab8 20. Rac1 a5 21. Nc3 Nd4 22. Qe4 Qe6 23. a4 Kg7 24. Nd5 Qd7 25. Nc3 $2 (25. Qg4 $11 {and White has nothing to worry.} Rbd8 26. Qxd7+ Rxd7 27. Re4) 25... Rf4 $19 26. Qd5 $2 {[#]} (26. Qe3 {only move.}) 26... Nxf3+ $1 {[%mdl 576] Clearance} 27. gxf3 {Strongly threatening Ne4.} Rd4 28. Kg2 Rxd5 29. cxd5 b5 30. axb5 Rxb5 31. Nxb5 Qxb5 {[%mdl 4160] [#] Endgame Double Attack. KQ-KRR} 32. f4 $2 (32. Re2) 32... exf4 33. Rc4 Qxb2+ 34. Kf3 Qd2 {[%mdl 64] Double Attack} 35. Re7+ Kf6 36. Rce4 Qxd3+ {[%mdl 64] Double Attack} 37. Kxf4 g5+ {Accuracy: White = 33%, Black = 68%.} 0-1

[Event "Charlotte Fall-IM 2019"]
[Site "Charlotte"]
[Date "2019.11.28"]
[Round "2.1"]
[White "Francisco, Richard"]
[Black "Shen, Christopher"]
[Result "0-1"]
[WhiteElo "2281"]
[BlackElo "2306"]
[Annotator "TA"]
[PlyCount "68"]
[EventDate "2019.11.28"]
[EventType "tourn"]
[EventCountry "USA"]
[SourceTitle "playchess.com"]
[Source "ChessBase"]
[SourceQuality "1"]

{[%evp 19,68,25,39,31,45,42,44,29,35,15,10,0,17,10,17,0,43,0,0,-41,-22,-39,-42,-50,-50,-50,-37,-109,-103,-175,-175,-231,-237,-243,-168,-243,-243,-227,-230,-297,-296,-296,-290,-312,-307,-312,-297,-29966,-29969,-5285,-5285]} 1. e4 c5 2. Nf3 Nc6 3. d4 cxd4 4. Nxd4 e6 5. Nc3 Qc7 6. f4 a6 7. Nxc6 Qxc6 8. Bd3 b5 9. Qe2 Bb7 10. Bd2 Bc5 11. O-O-O {B47: Sicilian: Taimanov: 5 Nc3 Qc7 6 f4, 6 g3 and 6 Be2} Ne7 12. a3 O-O 13. Rhf1 {White is slightly better.} (13. Qh5 f6 14. Rhf1 Rf7 15. g4 b4 16. axb4 Bxb4 17. e5 f5 18. Rg1 Rc8 {0-1 (53) Saric,I (2669)-Harikrishna,P (2744) Riadh 2017}) 13... f5 14. g4 d5 15. exf5 exf5 16. Rde1 $146 ({Predecessor:} 16. gxf5 Nxf5 17. Qg4 Bc8 18. Rfe1 g6 {½-½ (77) Sreeves,C (2406)-Ladva,O (2532) Riga 2017}) 16... Rae8 17. Na2 d4 18. Qd1 Qd7 19. Rg1 fxg4 20. Rxg4 Nf5 21. Rg5 Rxe1 22. Qxe1 {Black must now prevent Qe5.} Re8 $36 {[%mdl 2048] Black has the initiative.} 23. Qg1 (23. Qd1 $15 Be4 24. Bxe4 Rxe4 25. Kb1) 23... Be4 $17 24. Nb4 (24. Bxe4 $17 Rxe4 25. Qh1) 24... Bxb4 $1 $19 25. axb4 (25. Bxb4 $142 Bxd3 26. cxd3) 25... Bxd3 26. cxd3 Qe6 {Hoping for ...Qa2.} 27. Kb1 (27. Qg4 $142 g6 28. Kb1) 27... Qe2 28. Qg2 {intending Qd5+.} Qxd3+ 29. Ka1 Rd8 30. Qc6 Qxd2 31. Rxf5 Qe1+ (31... Qxb4 32. Qe6+ Kh8 33. Rd5 $17) ({Less strong is} 31... Qxh2 32. Qc7 $17) 32. Ka2 d3 ({Weaker is} 32... Qxb4 33. Rd5 $17) 33. Re5 $2 {[#]} (33. Qb6 $19 Qe8 34. Re5) 33... Qxe5 $1 {[%mdl 576] Promotion} 34. fxe5 d2 {Accuracy: White = 40%, Black = 84%.} 0-1

[Event "Charlotte Fall-IM 2019"]
[Site "Charlotte"]
[Date "2019.11.28"]
[Round "2.2"]
[White "Tsay, Vincent"]
[Black "Martin Del Campo C., Roberto"]
[Result "0-1"]
[WhiteElo "2300"]
[BlackElo "2314"]
[Annotator "TA"]
[PlyCount "70"]
[EventDate "2019.11.28"]
[EventType "tourn"]
[EventCountry "USA"]
[SourceTitle "playchess.com"]
[Source "ChessBase"]
[SourceQuality "1"]

{[%evp 19,92,20,20,25,40,28,72,70,61,65,86,35,39,0,1,16,0,-20,-20,-20,-20,-20,-15,-26,-22,-153,-141,-145,-131,-142,-147,-142,-150,-142,158,-82,-82,-237,-244,-435,-431,-431,-458,-444,-429,-435,-424,-458,-464,-477,-460,-441,-441,-433,-430,-393,-378,-29967,-29971,-29966,-29968,-6121,-5502,-29980,-29981,-29981,-29982,-29985,-29986,-29987,-29988,-29988,-29989,-29989,-29990]} 1. d4 Nf6 2. Nf3 g6 3. g3 Bg7 4. Bg2 d6 5. O-O O-O 6. b3 c5 7. c4 Nc6 8. Bb2 a6 9. d5 Na5 10. Nc3 Rb8 11. a4 {E63: King's Indian: Fianchetto: Panno Variation with 7...a6} (11. Nd2 b5 12. Qc2 e5 13. dxe6 Bxe6 14. cxb5 axb5 15. Nce4 c4 16. b4 Nb7 17. Nxf6+ Bxf6 18. Ne4 Bxb2 19. Qxb2 f6 20. Rad1 Qe7 21. Nc3 Nd8 22. Qd2 Nf7 23. Qd4 {0-1 (72) Pantsulaia,L (2607)-Belyakov,B (2487) Doha 2016}) 11... Bd7 12. Nd2 b5 13. axb5 {White is better.} axb5 14. cxb5 Bxb5 15. Nxb5 ({White should play} 15. Ra3 $16 {Threatens to win with Qa1.} Bd7 16. Qc2) 15... Rxb5 $14 16. Bc3 $146 ({Predecessor:} 16. Qc2 Qb6 17. Ra3 Rb8 18. Bxf6 Bxf6 {0-1 (82) Terhuven,P (2123)-Syrov,A (2252) Willingen 2018}) 16... Nd7 17. Bxg7 Kxg7 18. Qc2 Qb6 $1 {[%cal Ra5b3]} 19. Ra3 Rb8 {[%cal Ra5b3]} 20. Qc3+ Kg8 {[%cal Ra5b3]} 21. Qe3 Ne5 {[%cal Ra5b3]} 22. Ra4 (22. Be4 $1 $11 {was the only way to keep the balance.}) 22... Nxb3 $17 23. Rh4 h5 24. Nf3 Nxf3+ 25. Bxf3 Nd4 $1 {[%cal Rd4f5] And now ...Nf5 would win.} 26. Be4 {[#]} Qa5 $2 {[%mdl 8192]} (26... Qd8 $1 $17 27. Kg2 Rb4) 27. Bd3 $2 {[#]} (27. Qg5 $16 {and life is bright. Hoping for Bxg6!} Nxe2+ 28. Kg2) 27... Rb3 $1 $36 {[%mdl 2048] Strongly threatening ...Nf5. Black is really pushing.} 28. Qe4 $2 (28. Qxe7 $17 {was called for.} Rxd3 29. Rf4 Nxe2+ {[%mdl 64] Discovered Attack} 30. Qxe2) 28... Qd2 $19 29. Rf4 $2 {[#]} (29. Qxe7 Rxd3 30. exd3 Nf3+ 31. Kg2 Nxh4+ 32. gxh4) 29... Rxd3 $1 {[%mdl 576] Remove Defender} 30. exd3 Ne2+ {[%mdl 64] Double Attack} 31. Kg2 Nxf4+ 32. gxf4 {[%mdl 4096] Endgame KQR-KQR} Rb4 33. Qxe7 Qxf4 {( -> ...Qg4+)} 34. h3 Kg7 35. Re1 {[#]} Rd4 {Played: Rb4-b2} 0-1

[Event "Charlotte Fall-IM 2019"]
[Site "Charlotte"]
[Date "2019.11.28"]
[Round "2.3"]
[White "Drozdowski, Kacper"]
[Black "Jacobson, Aaron"]
[Result "1/2-1/2"]
[WhiteElo "2467"]
[BlackElo "2301"]
[Annotator "TA"]
[PlyCount "68"]
[EventDate "2019.11.28"]
[EventType "tourn"]
[EventCountry "USA"]
[SourceTitle "playchess.com"]
[Source "ChessBase"]
[SourceQuality "1"]

{[%evp 9,68,0,0,0,0,0,0,-24,-6,-14,-9,-8,-8,-8,-9,0,-10,-5,0,-7,5,-25,0,0,10,-12,4,8,11,10,12,0,0,0,11,-10,-4,-9,-7,-10,-15,-20,-14,-23,0,0,0,0,0,0,8,8,8,0,8,8,8,8,8,8,8]} 1. c4 e5 2. Nc3 Nf6 3. a3 c6 4. d4 (4. Nf3 e4 5. Nd4 Bc5 6. e3 O-O 7. d3 exd3 8. Bxd3 d5 9. cxd5 Nxd5 10. O-O Nxc3 11. bxc3 Nd7 {½-½ (55) Milov,V (2638)-Fressinet,L (2625) Cannes 2006}) 4... exd4 5. Qxd4 d5 6. Nf3 {A22: English Opening: 1...e5 2 Nc3 Nf6} Be7 7. Bf4 dxc4 8. Qxc4 O-O $146 (8... Qb6 {looks sharper.} 9. Na4 Qa5+ 10. Bd2 Qf5 11. Nc3 Be6) ({Predecessor:} 8... Na6 9. e4 Be6 10. Qe2 {1-0 (44) Lehtinen,H (2408)-Sisatto,O (2258) Finland 2012}) 9. e3 Qb6 10. Qa2 Be6 11. Qb1 c5 12. Bd3 h6 13. O-O Nh5 14. Bh7+ Kh8 15. Be4 Nxf4 16. exf4 Bf6 17. Ne5 Nd7 18. Nd5 Qd8 19. Nxf6 Qxf6 20. Nxd7 Bxd7 21. g3 Bc6 22. Bxc6 Qxc6 23. Qf5 Rad8 24. Rad1 Kg8 25. h4 b6 26. Rfe1 Rd6 27. Rxd6 {The position is equal.} Qxd6 $11 {[%mdl 4096] Endgame KQR-KQR} 28. Qe4 Rd8 29. h5 (29. Qb7 {feels hotter.} a5 30. Re7 Qf6 31. h5 Kf8 32. Rd7) 29... Qd5 (29... Qd2 {with more complications.} 30. b3 Qd3 31. Qa4 Kh7 32. Qxa7 Qxb3 33. Qb7 Rd4) 30. Qxd5 Rxd5 31. Re8+ Kh7 32. Re7 f6 33. Rxa7 {Black should prevent Rb7.} Rd2 34. b4 cxb4 {Accuracy: White = 65%, Black = 52%.} 1/2-1/2

[Event "Charlotte Fall-IM 2019"]
[Site "Charlotte"]
[Date "2019.11.28"]
[Round "2.4"]
[White "Furfine, Jacob"]
[Black "Zhou, Liran"]
[Result "1/2-1/2"]
[WhiteElo "2302"]
[BlackElo "2314"]
[Annotator "RC"]
[PlyCount "95"]
[EventDate "2019.11.28"]
[EventType "tourn"]
[EventCountry "USA"]
[SourceTitle "playchess.com"]
[Source "ChessBase"]
[SourceQuality "1"]
[TimeControl "5400+30"]

1. d4 {[%emt 1:30:30]} Nf6 {[%emt 1:30:30]} 2. Nc3 {[%emt 0:00:30]} d5 {[%emt 0:00:30]} 3. Bf4 {[%emt 0:00:30]} g6 {[%emt 0:00:30]} 4. e3 {[%emt 0:00:30]} Bg7 {[%emt 0:00:30]} 5. h4 {[%emt 0:00:30]} h5 {[%emt 0:00:30]} 6. Qd2 {[%emt 0:00:30]} O-O {[%emt 0:00:30]} 7. O-O-O {[%emt 0:00:30]} c6 {[%emt 0:00:30]} 8. f3 {[%emt 0:00:30]} b5 {[%emt 0:00:30]} 9. Bd3 {[%emt 0:00:30]} b4 {[%emt 0:00:30]} 10. Na4 {[%emt 0:00:30]} Qa5 {[%emt 0:00:30]} 11. b3 {[%emt 0:00:30]} Ba6 {[%emt 0:00:30]} 12. Kb1 {[%emt 0:00:30]} Bb5 {[%emt 0:00:30]} 13. Nb2 {[%emt 0:00:30]} c5 {[%emt 0:00:30]} 14. Bxb5 {[%emt 0:00:30]} Qxb5 {[%emt 0:00:30]} 15. Nd3 {[%emt 0:00:30]} Nbd7 {[%emt 0:00:30]} 16. dxc5 {[%emt 0:00:30]} a5 {[%emt 0:00:30]} 17. Ne2 {[%emt 0:00:30]} Nxc5 {[%emt 0:00:30]} 18. Nxc5 {[%emt 0:00:30]} Qxc5 {[%emt 0:00:30]} 19. Qd4 {[%emt 0:00:30]} Qc6 {[%emt 0:00:30]} 20. Be5 {[%emt 0:00:30]} Rac8 {[%emt 0:00:30]} 21. Rd2 {[%emt 0:00:30]} Rfd8 {[%emt 0:00:30]} 22. Rhd1 {[%emt 0:00:30]} Qe6 {[%emt 0:00:30]} 23. Nf4 {[%emt 0:00:30]} Qf5 {[%emt 0:00:30]} 24. Bxf6 {[%emt 0:00:30]} Bxf6 {[%emt 0:00:30]} 25. Nxd5 {[%emt 0:00:30]} Kg7 {[%emt 0:00:30]} 26. e4 {[%emt 0:00:30]} Bxd4 {[%emt 0:00:30]} 27. exf5 {[%emt 0:00:30]} Rxd5 {[%emt 0:00:30]} 28. Rxd4 {[%emt 0:00:30]} Rxf5 {[%emt 0:00:30]} 29. Rd5 {[%emt 0:00:30]} e6 {[%emt 0:00:30]} 30. Rxf5 {[%emt 0:00:30]} gxf5 {[%emt 0:00:30]} 31. Rd7 {[%emt 0:00:30]} Kf6 {[%emt 0:00:30]} 32. Kb2 {[%emt 0:00:30]} f4 {[%emt 0:00:30]} 33. Rd2 {[%emt 0:00:30]} Kf5 {[%emt 0:00:30]} 34. a3 {[%emt 0:00:30]} f6 {[%emt 0:00:30]} 35. axb4 {[%emt 0:00:30]} axb4 {[%emt 0:00:30]} 36. Rd4 {[%emt 0:00:30]} Rg8 {[%emt 0:00:30]} 37. Rxb4 {[%emt 0:00:30]} Rxg2 {[%emt 0:00:30]} 38. Rc4 {[%emt 0:00:30]} Rg3 {[%emt 0:00:30]} 39. Rc3 {[%emt 0:00:30]} Ke5 {[%emt 0:00:30]} 40. b4 {[%emt 0:00:30]} Kd5 {[%emt 0:00:30]} 41. b5 {[%emt 0:00:30]} e5 {[%emt 0:00:30]} 42. Kc1 {[%emt 0:00:30]} Rg1+ {[%emt 0:00:30]} 43. Kd2 {[%emt 0:00:30]} Rb1 {[%emt 0:00:30]} 44. Rc8 {[%emt 0:00:30]} f5 {[%emt 0:00:30]} 45. Rf8 {[%emt 0:00:30]} Rxb5 {[%emt 0:00:30]} 46. Rxf5 {[%emt 0:00:30]} Rb1 {[%emt 0:00:30]} 47. Rxh5 {[%emt 0:00:30]} Rf1 {[%emt 0:00:30]} 48. Ke2 {[%emt 0:00:30]} 1/2-1/2

[Event "Charlotte Fall-IM 2019"]
[Site "Charlotte"]
[Date "2019.11.28"]
[Round "2.5"]
[White "Gauri, Shankar"]
[Black "Arribas Lopez, Angel"]
[Result "1/2-1/2"]
[WhiteElo "2340"]
[BlackElo "2436"]
[Annotator "TA"]
[PlyCount "40"]
[EventDate "2019.11.28"]
[EventType "tourn"]
[EventCountry "USA"]
[SourceTitle "playchess.com"]
[Source "ChessBase"]
[SourceQuality "1"]

{[%evp 20,40,17,0,6,0,0,0,0,0,0,0,0,0,0,0,0,0,0,0,0,0,0]} 1. d4 $146 Nf6 2. c4 e6 3. Nc3 Bb4 4. e3 O-O 5. Bd3 d5 6. Nf3 c5 7. O-O dxc4 8. Bxc4 cxd4 9. exd4 b6 10. Bg5 Bb7 11. Ne5 {The position is equal.} Nbd7 {E54: Nimzo-Indian: Rubinstein: Main Line: 7...dxc4 8 Bxc4} 12. Nxd7 (12. Rc1 {keeps more tension.} Nxe5 13. dxe5 Qxd1 14. Rfxd1 Bxc3 15. bxc3 Ne4 16. Be3) 12... Qxd7 13. Bxf6 gxf6 14. d5 Bxc3 15. bxc3 {Strongly threatening dxe6.} Bxd5 ({But not} 15... exd5 16. Bd3 $16) 16. Qg4+ Kh8 17. Qh4 Bxc4 18. Qxf6+ Kg8 {[#] ...Qd8 is the strong threat.} 19. Qg5+ Kh8 20. Qf6+ Kg8 1/2-1/2